Annual Review in Automatic Programming 4
Salvato in:
| Natura: | Libro |
|---|---|
| Lingua: | inglese |
| Pubblicazione: |
Oxford
Pergamon Press
1964
|
| Soggetti: | |
| Tags: |
Nessun Tag, puoi essere il primo ad aggiungerne!!
|
MARC
| LEADER | 00000nam a22000003a 4500 | ||
|---|---|---|---|
| 001 | 0094086 | ||
| 003 | SK-STU | ||
| 005 | 20220221104554.4 | ||
| 007 | ta | ||
| 008 | 220218s ----xo-----e------000-0-----d | ||
| 040 | |a STU |b slo | ||
| 041 | 0 | |a eng | |
| 044 | |a xxk | ||
| 245 | 1 | 0 | |a Annual Review in Automatic Programming 4 |
| 260 | |a Oxford |b Pergamon Press |c 1964 | ||
| 300 | |a 263 s. | ||
| 650 | 0 | 7 | |a Programming, Monte Carlo Method for Random Walk Problems |
| 996 | |c I*3S6803 |l I |s A |a 24 |w 0094086_0001 | ||